Vận tải - giao nhận quốc tế và bảo hiểm hàng hải : Nguyên tắc và thực hành = International transport - forwarding and marine insurance: Principles and practice

সংরক্ষণ করুন:
গ্রন্থ-পঞ্জীর বিবরন
প্রধান লেখক: Dương, Hữu Hạnh
বিন্যাস: গ্রন্থ
ভাষা:Undetermined
প্রকাশিত: Hà Nội Thống kê 2004
বিষয়গুলি:
ট্যাগগুলো: ট্যাগ যুক্ত করুন
কোনো ট্যাগ নেই, প্রথমজন হিসাবে ট্যাগ করুন!
Thư viện lưu trữ: Trung tâm Học liệu Trường Đại học Cần Thơ
LEADER 00719nam a2200205Ia 4500
001 CTU_64431
008 210402s9999 xx 000 0 und d
020 |b 48000 
082 |a 387.5 
082 |b H107 
100 |a Dương, Hữu Hạnh 
245 0 |a Vận tải - giao nhận quốc tế và bảo hiểm hàng hải : 
245 0 |b Nguyên tắc và thực hành = International transport - forwarding and marine insurance: Principles and practice 
245 0 |c Dương Hữu Hạnh 
260 |a Hà Nội 
260 |b Thống kê 
260 |c 2004 
650 |a Marine transportation 
904 |i Nguyênsửa 
980 |a Trung tâm Học liệu Trường Đại học Cần Thơ